| 000 | 01331nam a2200277Ia 4500 | ||
|---|---|---|---|
| 003 | Ost | ||
| 005 | 20260507075656.0 | ||
| 008 | 260507s9999||||xx |||||||||||||| ||und|| | ||
| 040 | _cfsecg | ||
| 041 | _aara | ||
| 082 | _a341.754 | ||
| 100 |
_aموسى، محمد ابراهيم _eمؤلف |
||
| 245 | 0 |
_aالتطويع القضائي للقواعد القانونية الواجبة التطبيق في مجال عقود التجارة الدولية / _c محمد ابراهيم موسى |
|
| 260 |
_aالاسكندرية: _bدار الجامعة الجديدة للنشر, _c2005 |
||
| 300 |
_a168 صفحة؛ _bإيضاحات ؛ _c24 سم |
||
| 490 | _aالمكتبة القانونية | ||
| 504 | _aالمراجع ص.147 | ||
| 520 | _aتهيئة قانون العقد وفقا لمقتضيات التجارة الدولية، ضوابط تهيئة قانون العقد، كيفية مطابقة القواعد القانونية الواجبة التطبيق على عقود التجارة الدولية. | ||
| 653 | _aالعقود | ||
| 653 | _aالعقود التجارية | ||
| 653 | _aالعقود التجارية الدولية | ||
| 653 | _aالقانون التجاري | ||
| 653 | _aالقانون الدولي التجاري | ||
| 653 | _aعقود البيع الدولية | ||
| 942 | _cكتاب | ||
| 999 |
_c45711 _d45711 |
||